Who Said That? Walking Dead S5 Edition - Statistics

General Stats
  • This quiz has been taken 5 times
  • The average score is 12 of 15
Answer Stats
Hint Answer % Correct
"We're the ones who live." Daryl
100%
"You should keep your gates closed. Because it's all about survival now. At any cost" Maggie
100%
"I'm not sure how the 15 of us are going to fit in the car..." Rick
100%
"You gotta kill them," Abraham
75%
"You can't depend on anybody for anything, right?" Beth
75%
"I don't need you anymore. I can take care of myself. You can't even protect me anyways!" Carl
75%
"You're little and you're sweet and those are two things that can get you killed." Carol
75%
"son of the South who has successfully negotiated the travails and vagaries of journeys" Eugene
75%
"I was scared. I was a coward. I locked the church doors... I left them to die." Gabriel
75%
"We need each other for this. We need each other to get to D.C. We can get through all of it together," Glenn
75%
"I lost my dad in Atlanta. I think he would've liked yours. Still got a mom and a couple of twin brothers. I hope." Noah
75%
"Your perfect world is fake, your problems are minor, and you're blind to see it" Sasha
75%
"There's nothing left in this world that isn't hidden." Tara
75%
"My job is to convince you all to follow me back home." Aaron
50%
"We don't kill people, this is civilization" Deanna
50%
No matching quizzes found
Score Distribution
Percent of People with Each Score
Percentile by Number Answered
Your Score History
You have not taken this quiz